000 00629nam a2200193Ia 4500
008 131103s9999 xx 000 0 und d
020 _a8172361041
_cRs. 600
040 _aLoreto College
041 _aEnglish
082 _a954/BIS
_bLCLIB/42948
100 _aBiswas, Arun Kumar
245 _aFather Eugene Lafont of St. Xavier's College, Kolkata and the contemporary science movement
_cArun Kumar Biswas
260 _aKolkata
_bThe Asiatic Society
_c2001
300 _axxviii,331p, illus 24 cm.
504 _aIncludes index
650 _aScience Movement, India
651 _aLafont, Eugene, S.J.,1837-1908
942 _cBK
999 _c2504
_d52983